[Event "IX Malaga Open"]
[Site "Campillos ESP"]
[Date "2006.02.27"]
[Round "4"]
[White "Teran Alvarez,I"]
[Black "Garcia Fernandez,C"]
[Result "1-0"]
[WhiteElo "2446"]
[BlackElo "2359"]

1.e4 d6 2.d4 Nf6 3.Nc3 e5 4.Nf3 Nbd7 5.Bc4 Be7 6.O-O c6 7.a4 O-O 8.Re1 h6
9.d5 cxd5 10.Nxd5 Nxd5 11.Bxd5 Rb8 12.Qd3 Nf6 13.Bb3 b6 14.Bd2 Bb7 15.a5 d5
16.Nxe5 dxe4 17.Qe2 Bd6 18.Bc3 Rc8 19.Rad1 Rxc3 20.bxc3 Qc7 21.axb6 axb6
22.Ng4 Nxg4 23.Qxg4 Bxh2+ 24.Kh1 Bd6 25.Rd2 Bc6 26.Bd5 e3 27.fxe3 Bxd5 28.Rxd5 Qxc3
29.Qd1 Bg3 30.Rf1 Qb4 31.Rd4 Qb5 32.Qf3 Qg5 33.Kg1 Be5 34.Ra4 Qe7 35.Re4 Re8
36.Ra4 Bd6 37.Ra8 Bc5 38.Rxe8+ Qxe8 39.Re1 Qe5 40.Kf1 g6 41.Qf4 Qh5 42.Qf3 Qh4
43.Rd1 Qc4+ 44.Qe2 Qe4 45.Rd3 Kg7 46.Qf3 Qc4 47.Qe2 Qe4 48.Kg1 h5 49.Qf3 Qe6
50.Qf4 Kh7 51.Kf2 Kg7 52.c4  1-0

[Event "LXIII ch-POL"]
[Site "Krakow POL"]
[Date "2006.02.28"]
[Round "4"]
[White "Socko,B"]
[Black "Markowski,T"]
[Result "1/2-1/2"]
[WhiteElo "2610"]
[BlackElo "2565"]

1.e4 d6 2.d4 Nf6 3.Nc3 e5 4.Nf3 Nbd7 5.g3 c6 6.a4 b6 7.Bg2 Ba6 8.Be3 Be7
9.Nh4 g6 10.Bh6 Qc7 11.h3 Bf8 12.Bxf8 Nxf8 13.d5 cxd5 14.exd5 N8d7 15.Bf1 Bxf1
16.Kxf1 O-O 17.Kg2 a6 18.Re1 Rac8 19.Qd2 Qb7 20.Kg1 b5 21.axb5 axb5 22.Ng2 Nb6
23.Ne3 Nc4 24.Qd3 Qb6 25.Nxb5 Nxb2 26.Qb3 Rb8 27.Qxb2 Qxb5 28.Qxb5 Rxb5 29.c4 Rb6
30.Reb1 Rfb8 31.Rxb6 Rxb6 32.Ra2 Ne4 33.g4 Kg7 34.Kg2 Nc5 35.Kf3 h6 36.h4 Rb3
37.g5 h5 38.Ra8 f5 39.gxf6+ Kxf6 40.Rf8+ Ke7 41.Rg8 Kf7 42.Rd8 Rb6 43.Rc8 Rb2
44.Rd8 Ke7 45.Rg8 Kf7 46.Rd8 Ke7 47.Rg8 Kf7  1/2-1/2

[Event "IX Malaga Open"]
[Site "Campillos ESP"]
[Date "2006.03.02"]
[Round "7"]
[White "Khamrakulov,I"]
[Black "Garcia Fernandez,C"]
[Result "1-0"]
[WhiteElo "2499"]
[BlackElo "2359"]

1.e4 d6 2.d4 Nf6 3.Nc3 e5 4.Nf3 Nbd7 5.Bc4 Be7 6.O-O O-O 7.Re1 c6 8.a4 b6
9.d5 cxd5 10.Nxd5 Nxd5 11.Bxd5 Rb8 12.Qd3 Nf6 13.Bb3 h6 14.Bd2 Bb7 15.a5 d5
16.Nxe5 Nxe4 17.axb6 axb6 18.Bc3 Bf6 19.Bd4 Nc5 20.Qb5 Nxb3 21.Qxb3 Bxe5
22.Rxe5 Bc6 23.Qg3 f6 24.Re6 Ra8 25.Rxa8 Qxa8 26.h4 Kf7 27.Qd6 Qc8 28.Re7+ Kg8  1-0

[Event "2nd ch-SCG"]
[Site "Pancevo SCG"]
[Date "2006.03.02"]
[Round "4"]
[White "Miladinovic,I"]
[Black "Pikula,D"]
[Result "0-1"]
[WhiteElo "2607"]
[BlackElo "2530"]

1.d4 d6 2.e4 Nf6 3.Nc3 e5 4.dxe5 dxe5 5.Qxd8+ Kxd8 6.Bc4 Ke8 7.f4 Bd6 8.Nf3 Nbd7
9.g3 Bb4 10.Nxe5 Nxe5 11.fxe5 Bxc3+ 12.bxc3 Nxe4 13.Rb1 Nc5 14.Rf1 Ne6 15.Bd5 Nd8
16.Rb4 c6 17.Bb3 c5 18.Rbf4 Rf8 19.Be3 b6 20.Bd5 Rb8 21.Ra4 a5 22.Rh4 h6
23.c4 Be6 24.Kd2 Kd7 25.Kc3 Nc6 26.Rd1 Rbd8 27.Rf4 Bxd5 28.Rxd5+ Ke6 29.Rxd8 Rxd8
30.Rf1 Nxe5 31.Rb1 Rd6 32.Bf4 g5 33.Bxe5 Kxe5 34.Re1+ Kf5 35.Rf1+ Kg6 36.Re1 f5
37.Rf1 h5 38.Rg1 Kf6 39.Rf1 Kg6 40.Rg1 Rf6 41.Kd3 f4 42.gxf4 Rxf4 43.Rb1 Rf6
44.Ke4 g4 45.Ke5 Kg5 46.h4+ Kg6 47.Rd1 Rf5+ 48.Ke4 Rf2 49.Rd6+ Kg7 50.Rxb6 Rxc2
51.Rb7+ Kf6 52.Rb6+ Ke7 53.Rh6 Rxc4+ 54.Kd5 Rf4 55.Rxh5 Kf6 56.Rh6+ Kg7 57.Rh5 Rf6
58.Rg5+ Rg6 59.Rf5 g3 60.Rf1 Rg4 61.Kxc5 a4 62.Rg1 g2 63.a3 Kg6 64.Kb5 Kh5
65.Rxg2 Rxg2 66.Kxa4 Rb2 67.Ka5 Kxh4  0-1

[Event "IX Malaga Open"]
[Site "Campillos ESP"]
[Date "2006.03.03"]
[Round "8"]
[White "Khamrakulov,I"]
[Black "Teran Alvarez,I"]
[Result "1/2-1/2"]
[WhiteElo "2499"]
[BlackElo "2446"]

1.e4 d6 2.d4 Nf6 3.Nc3 c6 4.a4 e5 5.Nf3 Nbd7 6.Bc4 Be7 7.O-O O-O 8.Re1 a5
9.h3 h6 10.b3 Nh7 11.Ba3 Re8 12.Qd3 exd4 13.Qxd4 Ne5 14.Nxe5 dxe5 15.Qxd8 Bxd8
16.Nd1 Ng5 17.Nb2 Ne6 18.c3 Be7 19.Bxe7 Rxe7 20.Nd3 Nc7 21.Red1 Kf8 22.Nc5 b6
23.Nd3 Bb7 24.b4 f6 25.f3 Rd7 26.Kf2 Ke7 27.Ke3 Ba6 28.Bxa6 Nxa6 29.b5 cxb5
30.axb5 Nc7 31.c4 Rad8 32.Ra3 Ne6 33.Rc1 Rc8 34.Nb2 Nc5 35.Rd1 Rcd8 36.Rd5 Rd6
37.Nd1 Rxd5 38.cxd5 Rc8 39.Rc3 g5 40.Nb2 Ra8 41.Nc4 Nd7 42.Na3 Nc5 43.Kd2 h5
44.Nc4 Nd7 45.Ne3 Nc5 46.g3 Rg8 47.Ke2 Ra8 48.Nc4 Nd7 49.Na3 Nc5 50.Ke3 Rg8
51.Rc4 h4 52.g4 Ra8 53.Rc3  1/2-1/2

[Event "TCh-NED 2005-6"]
[Site "Netherlands NED"]
[Date "2006.03.04"]
[Round "7"]
[White "Spoelman,W"]
[Black "Fridman,R"]
[Result "1-0"]
[WhiteElo "2376"]
[BlackElo "2405"]

1.e4 d6 2.d4 Nf6 3.Nc3 e5 4.Nf3 exd4 5.Nxd4 Be7 6.Bf4 O-O 7.Qd2 c6 8.O-O-O b5
9.f3 Bd7 10.g4 b4 11.Nce2 d5 12.e5 Ne8 13.Ng3 Nc7 14.Ngf5 c5 15.Nxe7+ Qxe7
16.Nf5 Qe6 17.Bg5 Nc6 18.Nxg7 Qxe5 19.Nh5 Ne8 20.Re1 Qd4 21.Bd3 Ne5 22.Bf6  1-0

[Event "TCh-NED 2005-6"]
[Site "Netherlands NED"]
[Date "2006.03.04"]
[Round "7"]
[White "Rogers,I"]
[Black "Carlier,B"]
[Result "1/2-1/2"]
[WhiteElo "2547"]
[BlackElo "2464"]

1.e4 d6 2.d4 Nf6 3.Nc3 e5 4.Nf3 Nbd7 5.Bc4 h6 6.O-O Be7 7.a4 a5 8.Re1 O-O
9.Ba2 c6 10.h3 Re8 11.Be3 exd4 12.Nxd4 Nc5 13.Qf3 Bf8 14.Bf4 Ne6 15.Be3 Ng5
16.Bxg5 hxg5 17.g4 Qb6 18.Nf5 Be6 19.Qe3 Qxe3 20.Rxe3 Bxa2 21.Rxa2 g6 22.Nd4 Nd7
23.Nf3 Be7 24.Nb1 Nc5 25.Nbd2 Bf6 26.c3 Re7 27.Ra1 Rae8 28.Nc4 Rxe4 29.Rxe4 Rxe4
30.Nxd6 Re2 31.Nc4 Nd3 32.Rb1 b5 33.Nxa5 bxa4 34.Nc4 Kf8 35.Ra1 Rxf2 36.Nfe5 Bxe5
37.Nxe5 Rd2 38.Nxd3 Rxd3 39.Rxa4 Rxh3 40.Rc4 Rd3 41.Rxc6 Rd1+ 42.Kf2 Rd2+
43.Kf3 Rxb2 44.Rc5 Rc2 45.Rxg5 Rxc3+ 46.Ke2 Rc1 47.Kf3 Ke7 48.Ra5 Rc4  1/2-1/2

[Event "III GM-Tage"]
[Site "Pulvermuehle GER"]
[Date "2006.03.04"]
[Round "8"]
[White "Baramidze,D"]
[Black "Bezold,M"]
[Result "1-0"]
[WhiteElo "2554"]
[BlackElo "2534"]

1.e4 d6 2.d4 Nf6 3.Nc3 e5 4.Nf3 Nbd7 5.Bc4 Be7 6.O-O O-O 7.h3 c6 8.a4 a5
9.Re1 Nb6 10.Bd3 Nfd7 11.Be3 Re8 12.Qd2 Qc7 13.b3 exd4 14.Nxd4 Nc5 15.Bf1 Bf8
16.Bf4 Nbd7 17.Re3 g6 18.Rd1 Qb6 19.Kh1 Ne5 20.Ree1 Qb4 21.Bg3 Bg7 22.Nde2 f5
23.Qxd6 Nf7 24.Qd2 fxe4 25.Qe3 Bf5 26.Nd4 Rad8 27.Nxf5 gxf5 28.Na2 Qa3 29.Bc4 Ne6
30.Rxd8 Nexd8 31.Nc1 Ne6 32.Ne2 Qe7 33.Nf4 Nxf4 34.Qxf4 Qf6 35.Qc7 Re7 36.Qd8+ Bf8
37.Bd6 Kg7 38.Bxe7 Bxe7 39.Qc8 Nd6 40.Qg8+ Kh6 41.Qe6 Kg5 42.g3 Qxe6 43.Bxe6 Kf6
44.Bg8 h5 45.f4 Bd8 46.Rd1 Bc7 47.Kg2 b5 48.axb5 cxb5 49.c4 bxc4 50.bxc4 e3
51.Kf3 Ne4 52.Kxe3 a4 53.Rd7 Bb6+ 54.Kf3 a3 55.g4 hxg4+ 56.hxg4 a2 57.Rf7+ Ke6
58.Ra7+ Kd6 59.Rxa2 Nf6 60.Rd2+ Kc5 61.g5 Nxg8 62.Rd7  1-0

[Event "2nd Bundesliga Mitte 2005-6"]
[Site "Austria AUT"]
[Date "2006.03.05"]
[Round "9"]
[White "Jurkovic,H"]
[Black "Stuhlik,M"]
[Result "1-0"]
[WhiteElo "2426"]
[BlackElo "2261"]

1.e4 d6 2.d4 Nf6 3.Nc3 c6 4.f4 Qa5 5.e5 Ne4 6.Qf3 Bf5 7.Bd3 Nxc3 8.Bxf5 g6
9.Bd3 Nb5+ 10.Bd2 Qb6 11.c3 a5 12.Ne2 e6 13.O-O d5 14.a4 Nc7 15.f5 gxf5 16.Bxf5 Be7
17.Bh3 Nba6 18.Qxf7+ Kd7 19.Bg5 Rae8 20.Nf4 c5 21.Bxe6+ Nxe6 22.Bxe7  1-0

[Event "U20ch-RUS"]
[Site "Cheboksary RUS"]
[Date "2006.03.05"]
[Round "4"]
[White "Nepomniachtchi,I"]
[Black "Maletin,P"]
[Result "1/2-1/2"]
[WhiteElo "2506"]
[BlackElo "2538"]

1.e4 d6 2.d4 Nf6 3.Nc3 e5 4.Nf3 Nbd7 5.Bc4 Be7 6.O-O O-O 7.Re1 c6 8.a4 b6
9.b3 Bb7 10.d5 cxd5 11.Nxd5 Rc8 12.Ba3 Nxd5 13.exd5 Nc5 14.Qe2 Rc7 15.Bb2 Bf6
16.b4 Nd7 17.Bb3 a5 18.c3 e4 19.Nd4 Bxd4 20.cxd4 axb4 21.Qb5 Nf6 22.a5 Qd7
23.Qxb4 Nxd5 24.Bxd5 Bxd5 25.axb6 Rc2 26.Rac1 Rfc8  1/2-1/2

[Event "2nd ch-SCG"]
[Site "Pancevo SCG"]
[Date "2006.03.05"]
[Round "7"]
[White "Vuckovic,Bo"]
[Black "Lajthajm,B"]
[Result "0-1"]
[WhiteElo "2506"]
[BlackElo "2464"]

1.e4 d6 2.d4 Nf6 3.Nc3 e5 4.Nf3 Nbd7 5.Bc4 Be7 6.O-O O-O 7.Qe2 c6 8.Rd1 Qc7
9.a4 a5 10.Ba2 exd4 11.Nxd4 Re8 12.Nf5 Nc5 13.Nxe7+ Qxe7 14.f3 d5 15.Bf4 b6
16.Qd2 dxe4 17.Bd6 Qb7 18.Bxc5 bxc5 19.fxe4 Be6 20.Bxe6 Rxe6 21.Re1 Rae8
22.Re2 h6 23.Rae1 Qb4 24.e5 Ng4 25.h3 Nxe5 26.Kh1 Qd4 27.Qc1 c4 28.Re4 Qb6
29.Nd1 Qb8 30.Qf4 Qd6 31.Ne3 Qd2 32.Nf5 Qxf4 33.Rxf4 c5 34.Rfe4 f6 35.Nh4 Kf7
36.Nf5 Rd8 37.R1e2 Rb6 38.c3 Rdb8 39.Ne3 Rxb2 40.Rxb2 Rxb2 41.Nxc4 Rc2 42.Nxe5+ fxe5
43.Rc4 e4 44.Kh2 e3 45.Kg3 Ra2 46.Rxc5 Rxa4 47.Re5 Ra3 48.Kf3 a4 49.Re4 Ra2
50.c4 Rc2 51.c5 a3 52.Ra4 e2 53.Kf2 a2 54.c6 Ke6  0-1

[Event "LXIII ch-POL"]
[Site "Krakow POL"]
[Date "2006.03.06"]
[Round "10"]
[White "Bartel,Mat"]
[Black "Markowski,T"]
[Result "1-0"]
[WhiteElo "2524"]
[BlackElo "2565"]

1.e4 d6 2.d4 Nf6 3.Nc3 e5 4.Nf3 Nbd7 5.Bc4 Be7 6.O-O O-O 7.a4 c6 8.a5 Rb8
9.Qe2 b5 10.axb6 axb6 11.d5 cxd5 12.Nxd5 Nxd5 13.Bxd5 Nf6 14.Bb3 Bb7 15.Nd2 b5
16.f3 Nd7 17.Nb1 Nc5 18.Ba2 b4 19.Bc4 Qc7 20.Be3 Ra8 21.Nd2 Rfc8 22.b3 Ne6
23.g3 Bf8 24.Qd3 Nc5 25.Bxc5 Qxc5+ 26.Kg2 Bc6 27.Rxa8 Rxa8 28.Bd5 Bb5 29.Nc4 Ra7
30.f4 exf4 31.Rxf4 Be8 32.Ne3 Ra1 33.Rf2 Qa7 34.Bc4 Qb8 35.Nf5 Qb6 36.Qf3 Ra7
37.Ne3 Qd4 38.Nd5 Qc5 39.Nf4 Qe5 40.Ne6 Be7 41.Nf4 Bf8 42.Nd3 Qc3 43.Qf5 Re7
44.Qd5 Rc7 45.Bb5 Bxb5 46.Qxb5 d5 47.Qxd5 Re7 48.e5 Re6 49.Qb7 Be7 50.Qd5 g6
51.Re2 Kg7 52.Nf4 Rc6 53.Qe4 Qc5 54.h4 Rc8 55.Nd3 Qb6 56.Rf2 Qc6 57.Qxc6 Rxc6
58.Kf3 Rc3 59.Ke4 h5 60.Kd5 Bf8 61.Ke4 Be7 62.Kf4 Bf8 63.Re2 Be7 64.Ke4 Bf8
65.Ke3 Be7 66.Kd2 Rc6 67.Re4 Rb6 68.Rc4 f6 69.Rc7 Kf8 70.Ke3 fxe5 71.Ke4 Re6
72.Rc4 g5 73.hxg5 Rg6 74.Rc8+ Kg7 75.Rc7 Kf8 76.Nxe5 Rxg5 77.Kf4 Rg4+ 78.Kf5 Rg5+
79.Ke6 Bd8 80.Rc8  1-0

[Event "2nd ch-SCG"]
[Site "Pancevo SCG"]
[Date "2006.03.09"]
[Round "10"]
[White "Vuckovic,Bo"]
[Black "Pikula,D"]
[Result "1/2-1/2"]
[WhiteElo "2506"]
[BlackElo "2530"]

1.e4 d6 2.d4 Nf6 3.Nc3 e5 4.dxe5 dxe5 5.Qxd8+ Kxd8 6.Bc4 Ke8 7.Nf3 Bd6 8.Bg5 Nbd7
9.O-O-O a6 10.a3 Rb8 11.Rhe1 b5 12.Ba2 h6 13.Bh4 Bb7 14.h3 Kf8 15.Bg3 Re8  1/2-1/2

[Event "32nd ch-BAN"]
[Site "Dhaka BAN"]
[Date "2006.03.11"]
[Round "2"]
[White "Abdul,Mal"]
[Black "Haque,R1"]
[Result "0-1"]
[WhiteElo "2233"]
[BlackElo "2193"]

1.e4 d6 2.d4 Nf6 3.Nc3 c6 4.f4 Qa5 5.Bd3 e5 6.Nf3 Bg4 7.fxe5 dxe5 8.dxe5 Nfd7
9.O-O Nxe5 10.Be2 Bxf3 11.gxf3 g5 12.Kh1 Be7 13.Qe1 Nbd7 14.Bd2 Qc7 15.Rg1 h6
16.Nd1 Ng6 17.Ne3 Nde5 18.Nf5 Bc5 19.Rg3 O-O-O 20.b4 Bf2 21.Qxf2 Rxd2 22.Qe3 Rd7
23.Qxa7 Nf4 24.Re1 Rd2 25.Bf1 f6 26.Qe3 Rxc2 27.Qb3 Rd2 28.b5 cxb5 29.Qa3 Kb8
30.Ne3 Nfd3 31.Rb1 Nxf3 32.Bg2 Nf2+  0-1

[Event "Bundesliga 2005-6"]
[Site "Kirchheim GER"]
[Date "2006.03.11"]
[Round "12"]
[White "Tompa,J"]
[Black "Maiwald,JU"]
[Result "1-0"]
[WhiteElo "2408"]
[BlackElo "2503"]

1.e4 d6 2.d4 Nf6 3.Nc3 e5 4.Nf3 Nbd7 5.Bc4 Be7 6.O-O O-O 7.Re1 c6 8.a4 b6
9.Qe2 a6 10.Ba2 Rb8 11.d5 c5 12.Bc4 Ra8 13.Nh4 g6 14.Bh6 Re8 15.g3 Kh8 16.Ng2 Ng8
17.Bd2 Bg5 18.Ne3 Ndf6 19.Bd3 Bxe3 20.Bxe3 Ng4 21.Bd2 f5 22.f3 N4f6 23.Nd1 fxe4
24.Bxe4 Ra7 25.Nf2 Rf7 26.Qd3 Ne7 27.g4 Ref8 28.Rf1 c4 29.Qxc4 Bb7 30.Bh6 Nexd5
31.Bxf8 Qxf8 32.Qb3 Nf4 33.Bxb7 Rxb7 34.Rae1 h5 35.Nd3 N6d5 36.c4 Nh3+ 37.Kh1 Ndf4
38.Nxf4 Qxf4 39.Qe3 Qf8 40.Qe4 Rg7 41.a5 bxa5 42.c5 dxc5 43.Qxe5 hxg4 44.Qe8 Rf7
45.Qxf8+ Rxf8 46.fxg4 Rf2 47.Rxf2 Nxf2+ 48.Kg2 Nxg4 49.Kg3 Nf6 50.Re6 Kg7
51.Rxa6 Ne4+ 52.Kf4 Nf2 53.Rxa5 c4 54.Rb5 Kh6 55.Kf3 Nd3 56.Ke3  1-0

[Event "TCh-BEL 2005-6"]
[Site "Belgium BEL"]
[Date "2006.03.12"]
[Round "10"]
[White "Maze,S"]
[Black "Eismont,O"]
[Result "1/2-1/2"]
[WhiteElo "2518"]
[BlackElo "2397"]

1.e4 d6 2.d4 Nf6 3.Nc3 e5 4.dxe5 dxe5 5.Qxd8+ Kxd8 6.Bc4 Be6 7.Bxe6 fxe6
8.Be3 Bd6 9.f3 a6 10.Nh3 Ke7 11.Nf2 Nc6 12.O-O-O h6 13.Ne2 b5 14.Kb1 Rhb8
15.Nd3 a5 16.Rc1 Nb4 17.Rhd1 Nd7 18.c4 bxc4 19.Rxc4 Nxd3 20.Rxd3 Rb4 21.Rc2 a4
22.a3 Rb7 23.Ka2 Nb6 24.Rc6 Rab8 25.Bxb6 Rxb6 26.Rc2 g5 27.Rdc3 Rb5 28.Rc4 Ra5
29.Nc3 Rba8 30.Rc1 h5 31.Kb1 Kf6 32.h3 Ke7 33.Rc2 Kd7 34.Kc1 Ke7 35.Kd2 Kd7
36.Nd1 Rb8 37.Nc3 Rba8 38.Rc1 Ke7 39.Rh1 Kf6 40.h4 gxh4 41.Rxh4 Kg5 42.Rh1 R8a6  1/2-1/2

[Event "Victor Ciocaltea Mem"]
[Site "Bucharest ROM"]
[Date "2006.03.12"]
[Round "5"]
[White "Ionescu,M"]
[Black "Badea,B"]
[Result "0-1"]
[WhiteElo "2389"]
[BlackElo "2492"]

1.e4 d6 2.d4 Nf6 3.Nc3 e5 4.Nf3 Nbd7 5.g4 c6 6.g5 Nh5 7.Be3 g6 8.dxe5 dxe5
9.Bc4 Bb4 10.Qd3 Qe7 11.O-O-O O-O 12.Na4 b5 13.c3 Ba5 14.Bxb5 cxb5 15.Qxb5 Bb6
16.Rd5 Qe6 17.Rhd1 Bxe3+ 18.fxe3 Qh3 19.Qe2 Nb6 20.Nxb6 axb6 21.Nxe5 Be6
22.Rb5 Rxa2 23.Rxb6 Ra1+ 24.Kc2 Rxd1 25.Kxd1 Rd8+ 26.Kc1 Qh4 27.Rb4 Qxg5
28.Nc6 Qg1+  0-1

[Event "Bundesliga 2005-6"]
[Site "Leipzig GER"]
[Date "2006.03.12"]
[Round "13"]
[White "Naumann,A"]
[Black "Schoeneberg,M"]
[Result "1-0"]
[WhiteElo "2532"]
[BlackElo "2322"]

1.e4 d6 2.d4 Nf6 3.Nc3 e5 4.dxe5 dxe5 5.Qxd8+ Kxd8 6.Bg5 c6 7.O-O-O+ Ke8
8.f4 Nbd7 9.fxe5 Ng4 10.e6 fxe6 11.Nh3 Bb4 12.Be2 Nge5 13.Nf4 Nf6 14.Nh5 Kf7
15.Rhf1 Be7 16.Bf4 Ng6 17.e5 Nxh5 18.Bxh5 Rf8 19.Ne4 Kg8 20.Bxg6 hxg6 21.Bg5 Bxg5+
22.Nxg5 Rxf1 23.Rxf1 b6 24.Rd1 Ba6 25.Nxe6 Bc4 26.Ng5 Bd5 27.b3 b5 28.Rd4 Rf8
29.c4 bxc4 30.bxc4 Bxg2 31.e6 c5 32.Rd2  1-0

[Event "WGM Mediteranian Flower"]
[Site "Rijeka CRO"]
[Date "2006.03.14"]
[Round "4"]
[White "Krivec,J"]
[Black "Ionica,I"]
[Result "1-0"]
[WhiteElo "2299"]
[BlackElo "2234"]

1.e4 d6 2.d4 Nf6 3.Nc3 e5 4.Nf3 Nbd7 5.Bc4 Be7 6.O-O O-O 7.a4 c6 8.Re1 b6
9.Bg5 a6 10.Qd2 Rb8 11.Rad1 b5 12.axb5 axb5 13.Bf1 Re8 14.Qc1 b4 15.dxe5 dxe5
16.Na4 Qc7 17.b3 Ra8 18.Bc4 Nf8 19.Bh4 Ng6 20.Bg3 Nh5 21.Qe3 Rb8 22.Rd2 Ngf4
23.Red1 Nxg3 24.hxg3 Ne6 25.Rd3 Bf8 26.Ng5 Nxg5 27.Qxg5 Be7 28.Qh5 Bf8 29.Rd7 Qxd7
30.Rxd7 g6 31.Qf3  1-0

[Event "32nd ch-BAN"]
[Site "Dhaka BAN"]
[Date "2006.03.16"]
[Round "6"]
[White "Reefat,S"]
[Black "Haque,R1"]
[Result "1-0"]
[WhiteElo "2478"]
[BlackElo "2193"]

1.e4 d6 2.d4 Nf6 3.Nc3 c6 4.f4 Qa5 5.e5 Ne4 6.Qf3 Nxc3 7.Bd2 Bf5 8.bxc3 Qd5
9.Qf2 Qe4+ 10.Be2 Bg4 11.Nf3 Bxf3 12.Qxf3 Qxf3 13.Bxf3 e6 14.Rb1 b6 15.c4 Kd7
16.a4 Na6 17.a5 Rb8 18.O-O d5 19.cxd5 cxd5 20.axb6 axb6 21.Be2 Nc7 22.f5 Be7
23.fxe6+ Nxe6 24.c3 Rhf8 25.Ra1 Kc7 26.Bf3 Rfd8 27.c4 Ra8 28.Rxa8 Rxa8 29.cxd5 Ra2
30.d6+ Bxd6 31.exd6+ Kxd6 32.Bb4+ Kc7 33.Bd5 Nxd4 34.Rxf7+  1-0

[Event "Victor Ciocaltea Mem"]
[Site "Bucharest ROM"]
[Date "2006.03.17"]
[Round "10"]
[White "Golubev,M"]
[Black "Badea,B"]
[Result "1/2-1/2"]
[WhiteElo "2499"]
[BlackElo "2492"]

1.e4 d6 2.d4 Nf6 3.Nc3 e5 4.dxe5 dxe5 5.Qxd8+ Kxd8 6.Bc4 Ke8 7.Bg5 Nbd7 8.Nf3 Bd6
9.O-O-O a6 10.Rhe1 h6 11.Bh4 Kf8  1/2-1/2

[Event "WGM Mediteranian Flower"]
[Site "Rijeka CRO"]
[Date "2006.03.17"]
[Round "8"]
[White "Pokorna,Reg"]
[Black "Ionica,I"]
[Result "1-0"]
[WhiteElo "2338"]
[BlackElo "2234"]

1.e4 d6 2.d4 Nf6 3.Nc3 e5 4.Nge2 Nbd7 5.g3 g6 6.Bg2 Bg7 7.O-O O-O 8.h3 Re8
9.a4 c6 10.Be3 Qc7 11.g4 h5 12.g5 Nh7 13.Qd2 Ndf8 14.Rad1 Qa5 15.h4 a6 16.f4 exf4
17.Nxf4 Bg4 18.Rde1 b5 19.Qf2 Qc7 20.axb5 axb5 21.e5 dxe5 22.Nfd5 cxd5 23.Nxd5 Qd7
24.Nb6 Qf5 25.Nxa8 Qxf2+ 26.Bxf2 Ne6 27.dxe5 Nf4 28.Nc7 Rc8 29.Bb6 Nxg2 30.Kxg2 Nf8
31.Nd5 Rxc2+ 32.Rf2 Rxf2+ 33.Kxf2 Nd7 34.Bd4 Be6 35.Nc7 Bg4 36.Nxb5 Nf8 37.Nc7 Ne6
38.Nxe6 Bxe6 39.Bc5  1-0

[Event "2nd Bundesliga Ost 2005-6"]
[Site "Austria AUT"]
[Date "2006.03.19"]
[Round "11"]
[White "Timoscenko,G"]
[Black "Beim,V"]
[Result "1/2-1/2"]
[WhiteElo "2502"]
[BlackElo "2499"]

1.e4 d6 2.d4 Nf6 3.Nc3 e5 4.dxe5 dxe5 5.Qxd8+ Kxd8 6.Bc4 Be6 7.Bxe6 fxe6
8.Be3 Nc6 9.O-O-O+ Bd6 10.f3 a6 11.Nh3 Ke7 12.Bf2 h6 13.Nb1 Rhd8 14.Nd2 b5  1/2-1/2

[Event "Victor Ciocaltea Mem"]
[Site "Bucharest ROM"]
[Date "2006.03.19"]
[Round "12"]
[White "Pap,M"]
[Black "Badea,B"]
[Result "0-1"]
[WhiteElo "2402"]
[BlackElo "2492"]

1.e4 d6 2.d4 Nf6 3.Nc3 e5 4.Nge2 Be7 5.f3 O-O 6.Be3 exd4 7.Qxd4 Nc6 8.Qd2 Ne5
9.Ng3 c5 10.O-O-O a6 11.f4 Nc6 12.Be2 Bd7 13.Bf3 Na5 14.Qe2 Qc7 15.Nf5 Bxf5
16.exf5 Rfe8 17.Rhe1 Bf8 18.Kb1 Rad8 19.Nd5 Nxd5 20.Bxd5 Nc6 21.g4 Nb4 22.Qf3 Nxd5
23.Rxd5 Qe7 24.Bf2 Qc7 25.Red1 Qe7 26.g5 Qe4 27.Qg3 Rc8 28.h4 c4 29.h5 b5
30.g6 b4 31.h6 fxg6 32.fxg6 hxg6 33.hxg7 Bxg7 34.Rxd6 Re6 35.Rd7 Rce8 36.Bc5 a5
37.f5 Qxf5 38.Qc7 Qe5 39.Qxe5 Rxe5 40.Bb6 a4 41.Bd4 R5e7 42.Rxe7 Rxe7 43.Bc5 Rb7
44.b3 axb3 45.cxb3 c3 46.Rg1 Rb5 47.Bd6 Kf7 48.Kc2 Rd5 49.Bf4 Ra5 50.a4 bxa3
51.b4 Rf5 52.Be3 Re5 53.Rf1+ Kg8 54.Kd3 a2 55.Bc5 c2 56.Kxc2 Rf5  0-1

[Event "TCh-HUN 2005-6"]
[Site "Hungary HUN"]
[Date "2006.03.19"]
[Round "9"]
[White "Feher,G"]
[Black "Szuk,B"]
[Result "1/2-1/2"]
[WhiteElo "2420"]
[BlackElo "2392"]

1.e4 d6 2.d4 Nf6 3.Nc3 e5 4.Nf3 Nbd7 5.Bc4 Be7 6.O-O O-O 7.Re1 c6 8.a4 a5
9.Ba2 exd4 10.Nxd4 Nc5 11.Qf3 Qb6 12.Nb3 Nxb3 13.Bxb3 Be6 14.Be3 Qb4 15.Bxe6 fxe6
16.Qh3 e5 17.Qe6+ Rf7 18.f3 Qxb2 19.Qc4 d5 20.exd5 Bb4 21.Bd2 Qxc2 22.Ra2 cxd5
23.Rxc2 dxc4 24.Rxe5 Rd7 25.Bg5 Rd3 26.Nb5 c3 27.Kf2 Rad8 28.Ke2 R8d7 29.Be3 Kf7
30.g3 Rd1 31.Nxc3 Rh1 32.Ne4 Nxe4 33.fxe4 Rxh2+ 34.Bf2 Rh6 35.Be3 Rh2+ 36.Bf2 Rh6
37.Be3 Re6 38.Rf5+ Rf6 39.Rb5 Re6 40.Kf3 Rf6+ 41.Ke2 Re7 42.Kd3 Rf3 43.Rf2 Rxf2
44.Bxf2 Rc7 45.Bd4 g6  1/2-1/2

[Event "ch-TUR"]
[Site "Istanbul TUR"]
[Date "2006.03.20"]
[Round "10"]
[White "Secer,A"]
[Black "Yagiz,Y"]
[Result "0-1"]
[WhiteElo "2229"]
[BlackElo "2209"]

1.e4 d6 2.d4 Nf6 3.Nc3 Nbd7 4.Bc4 e5 5.Nf3 Be7 6.O-O O-O 7.Re1 c6 8.a4 a5
9.Ba2 h6 10.h3 Qc7 11.Nh4 Re8 12.Nf5 Bf8 13.Kh1 exd4 14.Nxd4 Nc5 15.Qf3 Qe7
16.Bd2 Qe5 17.Nb3 Ne6 18.Qd3 b6 19.Be3 Nf4 20.Qd2 Nxh3 21.f4 Qh5 22.gxh3 Bxh3
23.Bd4 Ng4 24.Bg1 Be7 25.Bh2 Bh4 26.Rf1 Bxf1 27.Rxf1 Bg3 28.Kg2 Qxh2+ 29.Kf3 Qh3  0-1

[Event "Sozina Open"]
[Site "Bar SCG"]
[Date "2006.03.21"]
[Round "4"]
[White "Cela,S"]
[Black "Kizov,A"]
[Result "0-1"]
[WhiteElo "2291"]
[BlackElo "2427"]

1.e4 d6 2.d4 Nf6 3.Nc3 e5 4.Nf3 Nbd7 5.Bc4 Be7 6.O-O O-O 7.Re1 c6 8.a4 a5
9.h3 exd4 10.Qxd4 Nc5 11.Bf4 Be6 12.Rad1 Qb6 13.Bxe6 fxe6 14.Bxd6 Bxd6 15.Qxd6 Rad8
16.Qe5 Nfd7 17.Qd4 Qxb2 18.Rb1 Qxc2 19.Red1 Nb3 20.Qe3 Ndc5 21.Ne1 Rxd1 22.Rxd1 Qb2
23.Nf3 h6 24.Ne5 Nxe4 25.Qxe4 Qxc3 26.Rd7 Qc1+ 27.Kh2 Nc5 28.Nd3 Nxe4 29.Nxc1 Nc5  0-1

[Event "32nd ch-BAN"]
[Site "Dhaka BAN"]
[Date "2006.03.22"]
[Round "11"]
[White "Hasan,Me"]
[Black "Haque,R1"]
[Result "1-0"]
[WhiteElo "2349"]
[BlackElo "2193"]

1.e4 d6 2.d4 Nf6 3.Nc3 c6 4.f4 Qa5 5.Bd3 e5 6.Nf3 Bg4 7.Be3 Nbd7 8.O-O Be7
9.h3 Bxf3 10.Qxf3 O-O 11.Ne2 c5 12.dxc5 dxc5 13.Nc3 Rac8 14.Qe2 exf4 15.Rxf4 Ne5
16.Nd5 Nxd5 17.exd5 Nxd3 18.Qxd3 Bg5 19.Rg4 c4 20.Qd4 Bxe3+ 21.Qxe3 Qxd5
22.Qxa7 Rfe8 23.Qd4 Qxd4+ 24.Rxd4 g6 25.Kf2 Re6 26.Rad1 Ra6 27.a3 Kg7 28.Rd6 Rxd6
29.Rxd6 c3 30.b3 Ra8 31.Ke3 Rxa3 32.Kd3 Ra5 33.Kxc3 Rc5+ 34.Kb2 b5 35.Rd2 h5
36.Ka3 f5 37.Kb4 Re5 38.c4 bxc4 39.bxc4 g5 40.c5 Kf6 41.c6 Re8 42.Kc5 f4
43.c7 Rc8 44.Kd6 g4 45.h4 Kf5 46.Rd5+ Ke4 47.Re5+ Kd4 48.Rxh5 Ke4 49.Re5+ Kd4
50.Rg5 Rh8 51.Rxg4 Ke3  1-0

[Event "ch-LTU"]
[Site "Vilnius LTU"]
[Date "2006.03.22"]
[Round "6"]
[White "Asauskas,H"]
[Black "Savickas,A"]
[Result "0-1"]
[WhiteElo "2309"]
[BlackElo "2320"]

1.e4 d6 2.d4 Nf6 3.Nc3 e5 4.Nf3 Nbd7 5.Bc4 Be7 6.O-O O-O 7.a4 c6 8.Ba2 b6
9.Qe2 Bb7 10.Rd1 Qc7 11.dxe5 dxe5 12.Nh4 Nc5 13.Nf5 Rad8 14.Bg5 Bc8 15.Qf3 Ne6
16.Be3 Kh8 17.h3 Ng8 18.Rxd8 Rxd8 19.Rd1 Bf8 20.Rxd8 Qxd8 21.Qd1 Qc7 22.Ng3 g6
23.Bc4 a6 24.a5 b5 25.Bb6 Qd6 26.Qxd6 Bxd6 27.Bxe6 Bxe6 28.Nge2 Nf6 29.f3 Nd7
30.Bd8 Kg7 31.Nc1 Kf8 32.Nd3 Ke8 33.Bh4 Bc4 34.Be1 Bxd3 35.cxd3 Bb4 36.Kf1 Bxa5
37.Ke2 Bb6 38.Kd2 a5 39.b3 Nc5 40.Kc2 Ne6 41.Ne2 Kd7 42.Bc3 Kd6 43.Be1 Nd8
44.Bg3 Ke6 45.Bh4 Nb7 46.Bg5 Nd6 47.Bd2 f5 48.Bh6 f4 49.Bf8 g5 50.g4 Nf7
51.Ba3 Nh8 52.Kd1 Ng6 53.Nc1 Bd4 54.Na2 Nh4 55.Ke2 Ng2 56.Bc1 Ne3 57.Bd2 Bb6
58.Bc3 Nc2 59.Kd2 Nd4 60.Bxd4 Bxd4 61.Kc2 Kd6 62.Nc1 Kc5 63.Ne2 Be3 64.Kc3 Bf2
65.Kc2 Be1 66.Kb2 Kb4 67.Kc2 Bf2 68.Kb2 Be3 69.Ka2 a4 70.bxa4 bxa4 71.Kb2 c5
72.Kc2 Bd4 73.Nc1 c4 74.dxc4 Kxc4 75.Na2 Ba1 76.Nc1 a3 77.Na2 Bb2  0-1

[Event "ch-LTU"]
[Site "Vilnius LTU"]
[Date "2006.03.23"]
[Round "8"]
[White "Sarakauskas,G"]
[Black "Savickas,A"]
[Result "1/2-1/2"]
[WhiteElo "2453"]
[BlackElo "2320"]

1.e4 d6 2.d4 Nf6 3.Nc3 c6 4.Nf3 Bg4 5.h3 Bh5 6.Bg5 e6 7.g4 Bg6 8.e5 dxe5
9.Nxe5 Nbd7 10.Bxf6 gxf6 11.Nxg6 hxg6 12.Qe2 Qa5 13.O-O-O O-O-O 14.Kb1 f5
15.gxf5 gxf5 16.h4 Bb4 17.Qf3 Bxc3 18.Qxc3 Qxc3 19.bxc3 Nf6 20.Bg2 Rh7 21.c4 Rdh8
22.d5 cxd5 23.cxd5 Rxh4 24.Rxh4 Rxh4 25.dxe6 fxe6 26.Rd6 Rb4+ 27.Kc1 Rb6
28.Rxb6 axb6 29.Kd2 Kc7 30.Kd3 Ne8 31.Kd4 Nd6 32.a4 Nf7 33.f4 Kd6 34.Bxb7 Nh8
35.Kd3 Ng6 36.Ke3 Nf8 37.Kd4 Nd7 38.Ba6 Nf6 39.Bc4 Nh5 40.Ke3 Ng3 41.Kd4 Nh5
42.Ke3 Nf6 43.Kd4 Nd7 44.Bb5 Nf8 45.Be8 Nh7 46.Bh5 Nf6 47.Bf3 Nd7 48.Be2 Nc5
49.Bb5 Ne4 50.Bd3 Nf6 51.Bc4 Nh5 52.Ke3 e5 53.fxe5+ Kxe5 54.Be2 Nf6 55.Kd3 Kd5
56.Ke3 Kc5 57.Kf4 Nd5+ 58.Kxf5 Nc3 59.Bd3 Nxa4  1/2-1/2

[Event "TCh-AUT 2005-6"]
[Site "Austria AUT"]
[Date "2006.03.24"]
[Round "9"]
[White "Volkmann,F"]
[Black "Bezold,M"]
[Result "1/2-1/2"]
[WhiteElo "2421"]
[BlackElo "2534"]

1.e4 d6 2.d4 Nf6 3.Nc3 e5 4.dxe5 dxe5 5.Qxd8+ Kxd8 6.Bc4 Ke8 7.Nf3 Bd6 8.Bg5 Nbd7
9.O-O-O Nb6 10.Bb3 Be6 11.Bxe6 fxe6 12.Rd3 a6 13.Rhd1 Nbd7 14.Nd2 b5 15.a4 Rb8
16.Be3 Ng4 17.Nb3 Nxe3 18.Rxe3 Rb6 19.axb5 axb5 20.Kd2 Ke7 21.Ra1 c5 22.Rg3 g6
23.Ra7 c4 24.Na5 Rf8 25.Ke2 Bc5 26.Rf3 Rxf3  1/2-1/2